00318 a2200097 4500001001000000005001700010008004100027245006200068100002500130773006500155ART_3100520260410161645.0260409a 10aResponsabilidad solidaria de directores y administradores1 aCaranta, Martín R.0 tConsultor tributariog- Año 9, Nº 101 (jul. 2015)wREV474